000 00429nam a2200181Ia 4500
008 231221s9999 xx 000 0 und d
020 _a0-7645-4687-2
041 _aEnglish
082 _a001.6424UNI LEP
100 _aLepage, Yves Iarrera, Paul
245 0 _aUnix bible
250 _a2nd ed.
260 _c2000
_bIDG Books
_aFoster City
300 _axvi+750
300 _c40648
650 _aUnix,bible
942 _cCD
999 _c203406
_d203406